Las perspectivas del reformismo en Costa Rica /
Gespeichert in:
| Hauptverfasser: | , |
|---|---|
| Format: | Unbekannt |
| Sprache: | Spanish |
| Veröffentlicht: |
San José, Costa Rica :
Departamento Ecuménico de Investigaciones,
1984.
|
| Ausgabe: | 2 edición |
| Schriftenreihe: | (Colección Centroamérica)
|
| Schlagworte: | |
| Tags: |
Tag hinzufügen
Keine Tags, Fügen Sie den ersten Tag hinzu!
|
MARC
| LEADER | 000000000a22000000004500 | ||
|---|---|---|---|
| 001 | 003031 | ||
| 020 | |a 9977904073 | ||
| 041 | 0 | |a spa | |
| 082 | 0 | 4 | |a 320.97286 |b S687p2 |
| 100 | 1 | |a Solís Avendaño, Manuel Antonio | |
| 100 | 1 | |a Esquivel Villegas, Francisco, |d 1954- | |
| 245 | 1 | 4 | |a Las perspectivas del reformismo en Costa Rica / |c Manuel Antonio Solís Avendaño, Francisco Esquivel Villegas. |
| 250 | |a 2 edición | ||
| 260 | 1 | |a San José, Costa Rica : |b Departamento Ecuménico de Investigaciones, |c 1984. | |
| 300 | |a 104 páginas | ||
| 490 | 1 | |a (Colección Centroamérica) | |
| 650 | 4 | |a CARAZO ODIO, RODRIGO, 1926-2009 | |
| 650 | 4 | |a ADMINISTRACION | |
| 650 | 4 | |a COSTA RICA | |
| 650 | 4 | |a POLITICA | |
| 999 | |c 9347 |d 9347 | ||
| 942 | |c BK |h 320.97286 S687p2 |2 z | ||



